Statistics for Redecorate - Twenty One Pilots (All Lyrics)

Click here to take the quiz!

General Stats

  • This quiz has been taken 88 times
  • The average score is 360 of 438

Answer Stats

Redecorate% Correct
ChorusI
100%
a
98%
the
98%
an
95%
it
95%
On
95%
on
95%
and
93%
And
93%
he
93%
He
93%
Should
93%
should
93%
to
93%
To
93%
do
90%
don't
90%
hear
90%
his
90%
is
90%
Like
90%
like
90%
me
90%
of
90%
Or
90%
redecorate?
90%
this
90%
when
90%
But
88%
but
88%
go
88%
Go
88%
in
88%
keep
88%
my
88%
no
88%
room
88%
see
88%
she
88%
She
88%
So
88%
Then
88%
thing
88%
up
88%
want
88%
at
86%
At
86%
display
86%
her
86%
life
86%
line
86%
not
86%
people
86%
chronologically
83%
clean
83%
Clean
83%
from
83%
inventory
83%
Just
83%
just
83%
last
83%
let
83%
make
83%
Make
83%
never
83%
Never
83%
snapshots
83%
Verse 1Takin'
83%
back
81%
change
81%
least
81%
Leave
81%
leave
81%
name
81%
Seein'
81%
that
81%
they
81%
what
81%
Cause
79%
lived
79%
look
79%
might
79%
oh
79%
told
79%
way
79%
wonderin'
79%
behind
76%
decisions
76%
enough
76%
him
76%
many
76%
mirror
76%
quite
76%
reflection
76%
Something
76%
things
76%
tidy
76%
afraid
74%
Verse 2Blankets
74%
blankets
74%
had
74%
have
74%
isolated
74%
new
74%
perspective
74%
scaled
74%
traditional
74%
with
74%
BridgeWith
74%
always
71%
around
71%
forgive
71%
he's
71%
lookin'
71%
over
71%
plans
71%
said
71%
tends
71%
Tried
71%
where
71%
yeah
71%
asked
69%
bed
69%
bells
69%
collected
69%
off
69%
repeat
69%
shadow
69%
She's
69%
still
69%
them
69%
mirrors
67%
say
67%
cold
64%
different
64%
If
64%
if
64%
most
64%
one
64%
street
64%
whistles
64%
can
62%
corner
62%
days
62%
directive
62%
Flat
62%
got
62%
heard
62%
made
62%
night
62%
permission
62%
ripped
62%
sedated
62%
week
62%
by
60%
decorates
60%
Fair
60%
hopes
60%
big
57%
couple
57%
fairly
57%
Haunted
57%
mistakes
57%
track
57%
trapped
57%
covers
55%
ear
55%
feels
55%
likes
55%
open
55%
Put
55%
says
55%
stepped
55%
take
55%
you
55%
hates
52%
mostly
52%
schedule
52%
your
52%
all
50%
dents
50%
Orders
50%
tell
50%
door
48%
saying?
48%
inebriated
45%
break
43%
before
40%
breath
40%
you're
31%
running
29%

Score Distribution

Percentile by Number Answered

Percent of People with Each Score

Your Score History

You have not taken this quiz